000
00310nam a22001337a 4500
008
170216b xxu||||| |||| 00| 0 eng d
020
_a
9780763732813
041
_a
eng
080
_2
3RD
_a
61
100
_a
4
101
_a
SHM
245
_a
INTRODUCTION TO HEALTH CARE DELIVERY
_c
MCCARTHY, R.L
942
_2
udc
_c
BK
999
_c
5645
_d
5645